[Event "SVK-chT3A2 2223"]
[Site "Slovakia"]
[Date "2022.12.04"]
[Round "3.2"]
[White "Londin, Martin"]
[Black "Podjavorinsky, Michal"]
[Result "1-0"]
[WhiteElo "1944"]
[BlackElo "1882"]
[PlyCount "87"]
[EventDate "2022.10.16"]
[EventType "team-tourn"]
[EventRounds "9"]
[EventCountry "SVK"]
[SourceTitle "EXT 2024"]
[Source "ChessBase"]
[SourceDate "2023.10.10"]
[SourceVersion "1"]
[SourceVersionDate "2023.10.10"]
[SourceQuality "1"]
[WhiteTeam "Skalica"]
[BlackTeam "Piestany Kupele II"]
[WhiteTeamCountry "SVK"]
[BlackTeamCountry "SVK"]

1. e4 c5 2. Nc3 e6 3. f4 Nc6 4. Bb5 Nd4 5. Nf3 Nxb5 6. Nxb5 d5 7. e5 Bd7 8. Nc3 d4 9. Ne4 Bc6 10. d3 Be7 11. 0-0 Qd7 12. b3 Nh6 13. a4 0-0 14. Qe1 b6 15. Bd2 f5 16. exf6 Bxf6 17. Nfg5 Rae8 18. Qh4 Bxe4 19. dxe4 d3 20. c3 c4 21. bxc4 Qc6 22. Rf3 Qxc4 23. Re1 Qxa4 24. Rxd3 Qc4 25. Rg3 Rd8 26. Be3 Qxe4 27. Qxh6 Qxe3+ 28. Rgxe3 gxh6 29. Nxe6 Rc8 30. Nxf8 Kxf8 31. Kf1 b5 32. Rb1 Bxc3 33. Rxb5 a5 34. Rf5+ Kg8 35. Rg3+ Kh8 36. Rf7 Bd4 37. f5 a4 38. Rg4 Rd8 39. f6 Bb2 40. Rxa4 Kg8 41. Raa7 Bd4 42. Rg7+ Kf8 43. Raf7+ Ke8 44. Rxh7 1-0

[Event "SVK-chT3A2 2223"]
[Site "Slovakia"]
[Date "2022.10.16"]
[Round "1.1"]
[White "Provaznik, Michal"]
[Black "Londin, Martin"]
[Result "1-0"]
[WhiteElo "2077"]
[BlackElo "1944"]
[PlyCount "33"]
[EventDate "2022.10.16"]
[EventType "team-tourn"]
[EventRounds "9"]
[EventCountry "SVK"]
[SourceTitle "EXT 2024"]
[Source "ChessBase"]
[SourceDate "2023.10.10"]
[SourceVersion "1"]
[SourceVersionDate "2023.10.10"]
[SourceQuality "1"]
[WhiteTeam "Holic"]
[BlackTeam "Skalica"]
[WhiteTeamCountry "SVK"]
[BlackTeamCountry "SVK"]

1. d4 b6 2. e4 Bb7 3. Nc3 e6 4. Nf3 Nf6 5. e5 Ne4 6. Nxe4 Bxe4 7. Ng5 Bb7 8. Bd3 c5 9. h4 h5 10. Rh3 Be7 11. Rg3 cxd4 12. Nh7 d6 13. Rxg7 dxe5 14. Qxh5 Kd7 15. Qxf7 Rxh7 16. Rxh7 Bd5 17. Bg5 1-0

[Event "SVK-chT2A 1920"]
[Site "Slovakia"]
[Date "2019.11.17"]
[Round "4.3"]
[White "Londin, Martin"]
[Black "Mydlarik, Martin"]
[Result "0-1"]
[WhiteElo "1931"]
[BlackElo "2099"]
[PlyCount "100"]
[EventDate "2019.10.26"]
[EventType "team-tourn"]
[EventRounds "11"]
[EventCountry "SVK"]
[SourceTitle "CBM 193 Extra"]
[Source "ChessBase"]
[SourceDate "2020.01.31"]
[SourceVersion "1"]
[SourceVersionDate "2020.01.31"]
[SourceQuality "1"]
[WhiteTeam "Skalica"]
[BlackTeam "Modra II"]
[WhiteTeamCountry "SVK"]
[BlackTeamCountry "SVK"]

1. e4 e6 2. d4 d5 3. exd5 exd5 4. c4 Nf6 5. Nc3 Be7 6. Bd3 0-0 7. Nf3 dxc4 8. Bxc4 Bg4 9. Be3 Nc6 10. Be2 Nb4 11. 0-0 Nbd5 12. Qd3 c6 13. Rad1 g6 14. a3 Re8 15. Bc1 Bd6 16. Bg5 Qc7 17. Rfe1 Bf5 18. Qd2 Nxc3 19. Qxc3 Ne4 20. Qc1 Nxg5 21. Qxg5 Bf4 22. Qh4 Kg7 23. Bc4 h6 24. Ne5 Bxe5 25. dxe5 Rxe5 26. Qd4 f6 27. Rxe5 Qxe5 28. Qxe5 fxe5 29. f3 h5 30. Rd6 Re8 31. Kf2 e4 32. h3 exf3 33. Kxf3 h4 34. Bd3 Rf8 35. Bxf5 Rxf5+ 36. Ke3 Rd5 37. Re6 Kf7 38. Re4 g5 39. Rc4 Ke6 40. Rc2 c5 41. Ke4 Rd4+ 42. Ke3 b6 43. Rf2 Ke5 44. Rf7 a5 45. Re7+ Kd5 46. b3 a4 47. b4 Kc4 48. Rc7 Rd3+ 49. Ke2 Rxa3 50. bxc5 bxc5 0-1

[Event "SVK-chT3A2 1617"]
[Site "Slovakia"]
[Date "2017.01.22"]
[Round "7.2"]
[White "Banas, Jan"]
[Black "Londin, Martin"]
[Result "1-0"]
[WhiteElo "2226"]
[BlackElo "1906"]
[PlyCount "115"]
[EventDate "2016.10.16"]
[EventType "team-tourn"]
[EventRounds "11"]
[EventCountry "SVK"]
[SourceTitle "EXT 2020"]
[Source "ChessBase"]
[SourceDate "2019.10.17"]
[SourceVersion "1"]
[SourceVersionDate "2019.10.17"]
[SourceQuality "1"]
[WhiteTeam "Cifer"]
[BlackTeam "Skalica II"]
[WhiteTeamCountry "SVK"]
[BlackTeamCountry "SVK"]

1. c4 e5 2. Nc3 Nf6 3. Nf3 Nc6 4. e3 d6 5. d4 Bf5 6. Be2 g6 7. 0-0 Bg7 8. b3 0-0 9. dxe5 dxe5 10. Ba3 Qxd1 11. Rfxd1 Rfd8 12. Rac1 a6 13. Nd5 Rd7 14. Nxf6+ Bxf6 15. Rxd7 Bxd7 16. Rd1 Bf5 17. Bb2 Re8 18. Bc3 a5 19. h3 h6 20. g4 Be6 21. Ne1 Be7 22. Bf3 a4 23. Bxc6 bxc6 24. Bxe5 axb3 25. axb3 Rb8 26. Rd3 Rb7 27. Nf3 c5 28. Nd2 f6 29. Bg3 Ra7 30. Kg2 Kf7 31. e4 Bc8 32. f3 c6 33. Bf2 Ra1 34. Nf1 Rb1 35. Ne3 Rb2 36. Nd1 Rb1 37. Be3 g5 38. Nf2 Rb2 39. Kg3 Ke6 40. e5 f5 41. gxf5+ Kxf5 42. Bd2 h5 43. Ba5 h4+ 44. Kg2 Kg6 45. Kf1 Bf5 46. Rc3 Bc2 47. Bc7 Bxb3 48. Bd6 Bd8 49. Kg2 Ba5 50. Re3 Bd2 51. Re4 Kf7 52. e6+ Ke8 53. e7 Rc2 54. Re2 Bxc4 55. Ne4 Bxe2 56. Nf6+ Kf7 57. e8Q+ Kxf6 58. Qe7+ 1-0

[Event "SVK-chT2A 1617"]
[Site "Slovakia"]
[Date "2016.10.08"]
[Round "1.3"]
[White "Londin, Martin"]
[Black "Sulek, Viliam"]
[Result "1/2-1/2"]
[WhiteElo "1912"]
[BlackElo "2062"]
[PlyCount "32"]
[EventDate "2016.10.08"]
[EventType "team-tourn"]
[EventRounds "11"]
[EventCountry "SVK"]
[SourceTitle "CBM 175 Extra"]
[Source "ChessBase"]
[SourceDate "2016.12.12"]
[SourceVersion "1"]
[SourceVersionDate "2016.12.12"]
[SourceQuality "1"]
[WhiteTeam "Skalica"]
[BlackTeam "Bratislava Slovan V"]
[WhiteTeamCountry "SVK"]
[BlackTeamCountry "SVK"]

1. e4 c6 2. Nf3 g6 3. d4 Bg7 4. Nc3 d6 5. Bc4 Qc7 6. Be3 e6 7. Qd2 Bd7 8. 0-0 b5 9. Bd3 a5 10. a3 Na6 11. Ne2 c5 12. c3 c4 13. Bc2 h6 14. h3 a4 15. Nh2 0-0-0 16. f4 f5 1/2-1/2

[Event "SVK-chT2A 1516"]
[Site "Slovakia"]
[Date "2015.10.18"]
[Round "2.3"]
[White "Sukuba, Zdeno"]
[Black "Londin, Martin"]
[Result "1-0"]
[WhiteElo "2130"]
[BlackElo "1931"]
[PlyCount "95"]
[EventDate "2015.10.17"]
[EventType "team-tourn"]
[EventRounds "11"]
[EventCountry "SVK"]
[SourceTitle "CBM 169 Extra"]
[Source "ChessBase"]
[SourceDate "2015.12.18"]
[SourceVersion "1"]
[SourceVersionDate "2015.12.18"]
[SourceQuality "1"]
[WhiteTeam "Krasnany"]
[BlackTeam "Skalica"]
[WhiteTeamCountry "SVK"]
[BlackTeamCountry "SVK"]

1. Nf3 d5 2. c4 e6 3. g3 Nf6 4. Bg2 c6 5. 0-0 Nbd7 6. d4 Bd6 7. Nc3 0-0 8. Nd2 b6 9. e4 dxe4 10. Ndxe4 Nxe4 11. Nxe4 Bc7 12. d5 cxd5 13. cxd5 exd5 14. Qxd5 Rb8 15. Bg5 Qe8 16. Rfe1 Qe6 17. Qxe6 fxe6 18. Be7 Rf7 19. Ba3 Nc5 20. Rad1 Nxe4 21. Rxe4 Bd7 22. Rc1 Bd8 23. Bh3 Be7 24. Rc7 Bxa3 25. bxa3 Rc8 26. Rxd7 Rc1+ 27. Kg2 Rxd7 28. Bxe6+ Rf7 29. Rf4 Rcc7 30. Rxf7 Rxf7 31. f4 Kf8 32. Bxf7 Kxf7 33. Kf3 Ke6 34. Ke4 g6 35. g4 h5 36. gxh5 gxh5 37. h4 Kf6 38. a4 Ke6 39. f5+ Kf7 40. Ke5 Ke7 41. f6+ Ke8 42. Kf5 Kf7 43. Kg5 a6 44. a3 b5 45. a5 Kf8 46. Kxh5 Kf7 47. Kg5 Kf8 48. Kg6 1-0

[Event "SVK-chT3A2 1415"]
[Site "Slovakia"]
[Date "2015.01.11"]
[Round "6.5"]
[White "Ocko, Martin"]
[Black "Londin, Martin"]
[Result "1-0"]
[WhiteElo "1857"]
[BlackElo "1954"]
[PlyCount "105"]
[EventDate "2014.10.19"]
[EventType "team-tourn"]
[EventRounds "11"]
[EventCountry "SVK"]
[SourceTitle "EXT 2019"]
[Source "ChessBase"]
[SourceDate "2018.10.10"]
[SourceVersion "1"]
[SourceVersionDate "2018.10.10"]
[SourceQuality "1"]

1. e4 e5 2. Nf3 Nc6 3. Bb5 Nf6 4. d3 Bc5 5. 0-0 d6 6. c3 0-0 7. Nbd2 Ne7 8. d4 exd4 9. cxd4 Bb6 10. Re1 Ng6 11. h3 h6 12. Nf1 c6 13. Bd3 Nh5 14. Qc2 Nh4 15. N1h2 Re8 16. Nxh4 Qxh4 17. Nf3 Qd8 18. Be3 Bc7 19. Rad1 Qf6 20. e5 dxe5 21. dxe5 Qe6 22. Bc4 Qf5 23. Qxf5 Bxf5 24. g4 Be4 25. Rd7 Bxf3 26. Rxc7 Rxe5 27. Bxf7+ Kh8 28. Bxh5 Rd8 29. Rxb7 a5 30. Bg6 Re6 31. Bf5 Re5 32. Rc1 c5 33. Rc7 h5 34. R7xc5 Rxc5 35. Bxc5 g6 36. Be6 Kg7 37. gxh5 gxh5 38. Re1 Rd2 39. Bb3 a4 40. Bxa4 Rd5 41. Be3 Ra5 42. Bb3 h4 43. Kh2 Kg6 44. Rg1+ Kf6 45. Rg8 Be2 46. Rh8 Bh5 47. Rf8+ Ke7 48. Rf4 Ra6 49. Rxh4 Bf3 50. Rh6 Ra5 51. Kg3 Be2 52. Bd2 Re5 53. Kf4 1-0

[Event "SVK-chT3A2 1314"]
[Site "Slovakia"]
[Date "2013.12.01"]
[Round "4.2"]
[White "Londin, Martin"]
[Black "Gasa, Patrik"]
[Result "1-0"]
[WhiteElo "1960"]
[BlackElo "1956"]
[PlyCount "105"]
[EventDate "2013.10.13"]
[EventType "team-tourn"]
[EventRounds "11"]
[EventCountry "SVK"]
[SourceTitle "EXT 2015"]
[Source "ChessBase"]
[SourceDate "2014.11.20"]
[SourceVersion "1"]
[SourceVersionDate "2014.11.20"]
[SourceQuality "1"]
[WhiteTeam "Skalica"]
[BlackTeam "Senica SK"]
[WhiteTeamCountry "SVK"]
[BlackTeamCountry "SVK"]

1. e4 c5 2. Nf3 Nc6 3. Bb5 g6 4. Bxc6 bxc6 5. d3 Bg7 6. 0-0 Nf6 7. Nbd2 0-0 8. c3 Ba6 9. Qc2 d5 10. Re1 Qc7 11. c4 e6 12. Nb3 Nd7 13. Be3 Rab8 14. a4 Rb4 15. Nfd2 Rfb8 16. Ra3 Qe5 17. Rb1 d4 18. f4 Qc7 19. Bf2 Qxf4 20. Rf1 Qd6 21. Nf3 Ne5 22. Nxe5 Bxe5 23. g3 f5 24. exf5 exf5 25. Be1 R4b7 26. a5 Rf7 27. Nd2 Rbf8 28. Nf3 f4 29. g4 Bc8 30. Qg2 Bg7 31. Rb3 Re7 32. Bd2 Rfe8 33. Ng5 Re2 34. Rf2 Rxf2 35. Kxf2 f3 36. Nxf3 Qe6 37. h3 Qd6 38. Kg1 Bf6 39. Qh2 Qxh2+ 40. Kxh2 Re2+ 41. Kg1 Re8 42. Rb8 Kf7 43. Bf4 Ke6 44. a6 Be7 45. Ra8 h5 46. Rxa7 hxg4 47. hxg4 Rf8 48. Ng5+ Bxg5 49. Bxg5 Bd7 50. Kg2 Kd6 51. Rb7 Ra8 52. a7 Bxg4 53. Be7+ 1-0

[Event "SVK-chT3A2 1213"]
[Site "Slovakia"]
[Date "2013.03.10"]
[Round "10.2"]
[White "Mosny, Jaroslav"]
[Black "Londin, Martin"]
[Result "1/2-1/2"]
[WhiteElo "1923"]
[BlackElo "1956"]
[PlyCount "46"]
[EventDate "2012.10.07"]
[EventType "team-tourn"]
[EventRounds "11"]
[EventCountry "SVK"]
[SourceTitle "EXT 2015"]
[Source "ChessBase"]
[SourceDate "2014.11.20"]
[SourceVersion "1"]
[SourceVersionDate "2014.11.20"]
[SourceQuality "1"]
[WhiteTeam "Trnava Lokomotiva Solartec III"]
[BlackTeam "Skalica"]
[WhiteTeamCountry "SVK"]
[BlackTeamCountry "SVK"]

1. d4 d5 2. Nf3 Nf6 3. e3 e6 4. Bd3 b6 5. 0-0 Bb7 6. b3 Nbd7 7. Bb2 Bd6 8. Nbd2 0-0 9. Ne5 c5 10. f4 g6 11. Rf3 Bxe5 12. fxe5 Nh5 13. Rh3 f5 14. Qe2 cxd4 15. Bxd4 Nc5 16. Nf3 Rc8 17. Bb2 a6 18. Nd4 Ng7 19. Rf3 h5 20. Rff1 Rc7 21. b4 Nxd3 22. cxd3 Qd7 23. Rfc1 Rfc8 1/2-1/2

[Event "SVK-chT3A2 0910"]
[Site "Slovakia"]
[Date "2010.01.31"]
[Round "7.4"]
[White "Palka, Miroslav"]
[Black "Londin, Martin"]
[Result "0-1"]
[WhiteElo "1976"]
[BlackElo "2005"]
[PlyCount "104"]
[EventDate "2009.10.18"]
[EventType "team-tourn"]
[EventRounds "11"]
[EventCountry "SVK"]
[SourceTitle "EXT 2011"]
[Source "ChessBase"]
[SourceDate "2010.11.26"]
[SourceVersion "1"]
[SourceVersionDate "2010.11.26"]
[SourceQuality "1"]
[WhiteTeam "Senica"]
[BlackTeam "Skalica"]
[WhiteTeamCountry "SVK"]
[BlackTeamCountry "SVK"]

1. c4 e6 2. g3 d5 3. Bg2 c6 4. Nf3 Nd7 5. b3 Ngf6 6. Bb2 Bd6 7. 0-0 b6 8. d3 Bb7 9. e4 e5 10. exd5 cxd5 11. Re1 Qc7 12. Qe2 0-0 13. Nc3 a6 14. cxd5 Rae8 15. Nd2 Bb4 16. Rec1 Qb8 17. Nc4 b5 18. Ne3 Nb6 19. a3 Bd6 20. Ne4 Nfxd5 21. Nxd6 Qxd6 22. Be4 Ba8 23. Rc2 Rc8 24. Rac1 Rxc2 25. Qxc2 Nxe3 26. fxe3 Bxe4 27. dxe4 Rd8 28. Qc6 f6 29. Qxd6 Rxd6 30. Bc3 Rc6 31. Kf2 Kf7 32. Bd2 Rxc1 33. Bxc1 Nd7 34. b4 Nb6 35. Ke2 Nc4 36. Kd3 Ke6 37. Kc3 Nd6 38. Kd3 h5 39. Bd2 Nc4 40. Bc1 g5 41. a4 Nd6 42. axb5 Nxb5 43. Bd2 Kd6 44. Kc4 Kc6 45. Be1 Nd6+ 46. Kc3 Kb5 47. Kd3 g4 48. Kc3 Nf7 49. Kd3 Ng5 50. Ke2 Nf3 51. Bc3 Nxh2 52. Kd3 Nf3 0-1

[Event "SVK-chT3A2 0910"]
[Site "Slovakia"]
[Date "2009.11.15"]
[Round "3.4"]
[White "Merva, Frantisek"]
[Black "Londin, Martin"]
[Result "1-0"]
[WhiteElo "2053"]
[BlackElo "2055"]
[PlyCount "87"]
[EventDate "2009.10.18"]
[EventType "team-tourn"]
[EventRounds "11"]
[EventCountry "SVK"]
[SourceTitle "EXT 2011"]
[Source "ChessBase"]
[SourceDate "2010.11.26"]
[SourceVersion "1"]
[SourceVersionDate "2010.11.26"]
[SourceQuality "1"]
[WhiteTeam "Dunajska Streda SK III"]
[BlackTeam "Skalica"]
[WhiteTeamCountry "SVK"]
[BlackTeamCountry "SVK"]

1. d4 d5 2. Nf3 Nf6 3. c4 e6 4. g3 c6 5. Bg2 dxc4 6. 0-0 Be7 7. Nc3 0-0 8. Ne5 Nbd7 9. Nxc4 Nd5 10. e4 Nxc3 11. bxc3 Nb6 12. Ne3 Qc7 13. Qh5 g6 14. Qh6 Bf6 15. Ng4 Bg7 16. Qh4 f5 17. Bf4 Qd7 18. Ne5 Qd8 19. Bg5 Bf6 20. Bxf6 Qxf6 21. Qxf6 Rxf6 22. f4 Rf8 23. a4 Rd8 24. a5 Nd7 25. Nxd7 Rxd7 26. e5 a6 27. Rfb1 Kf7 28. Rb6 Ke7 29. Rab1 Ra7 30. Kf2 Kd8 31. Ke3 Kc7 32. c4 Rd8 33. d5 cxd5 34. cxd5 exd5 35. Rc1+ Kb8 36. Kd4 Bd7 37. Bxd5 Bb5 38. e6 Re8 39. Ke5 Bd7 40. Kf6 Bb5 41. Kf7 Rd8 42. Bc6 Rc8 43. e7 Rc7 44. Bxb5 1-0

[Event "SVK-chT3A2 0910"]
[Site "Slovakia"]
[Date "2009.10.18"]
[Round "1.4"]
[White "Londin, Martin"]
[Black "Csefalvay, Stefan"]
[Result "1/2-1/2"]
[WhiteElo "2005"]
[BlackElo "1908"]
[PlyCount "49"]
[EventDate "2009.10.18"]
[EventType "team-tourn"]
[EventRounds "11"]
[EventCountry "SVK"]
[SourceTitle "EXT 2011"]
[Source "ChessBase"]
[SourceDate "2010.11.26"]
[SourceVersion "1"]
[SourceVersionDate "2010.11.26"]
[SourceQuality "1"]
[WhiteTeam "Skalica"]
[BlackTeam "Velky Meder"]
[WhiteTeamCountry "SVK"]
[BlackTeamCountry "SVK"]

1. e4 c5 2. Nf3 Nc6 3. Bb5 e6 4. Bxc6 bxc6 5. d3 d6 6. 0-0 Ne7 7. c3 Ng6 8. Nbd2 Be7 9. Nc4 0-0 10. h3 Qc7 11. Ne3 Rd8 12. Qc2 a5 13. b3 Ba6 14. c4 Bf6 15. Bb2 Bxb2 16. Qxb2 e5 17. g3 Bc8 18. Kg2 Rf8 19. Ng1 f5 20. Qe2 f4 21. Ng4 Qe7 22. Nf3 Qd7 23. Ng1 Qe7 24. Nf3 Qd7 25. Ng1 1/2-1/2